[Event "ITA-ch B"]
[Site "Civitanova Marche"]
[Date "2012.07.15"]
[Round "1"]
[White "Bossoni, Mario"]
[Black "Boraso, Alessio"]
[Result "0-1"]
[WhiteElo "1919"]
[BlackElo "2078"]
[PlyCount "90"]
[EventDate "2012.07.15"]
[EventType "swiss"]
[EventRounds "8"]
[EventCountry "ITA"]
[SourceTitle "EXT 2023"]
[Source "ChessBase"]
[SourceDate "2022.10.05"]
[SourceVersion "1"]
[SourceVersionDate "2022.10.05"]
[SourceQuality "1"]

1. e4 c5 2. d4 cxd4 3. c3 g6 4. Bc4 d3 5. Qxd3 Bg7 6. Nf3 Nc6 7. Bf4 Nf6 8. h3 0-0 9. 0-0 d6 10. Qe2 Nd7 11. Rd1 Nce5 12. Nxe5 Nxe5 13. Bb3 a5 14. Na3 a4 15. Bc2 Be6 16. Bxe5 Bxe5 17. Qe3 Qa5 18. f4 Bg7 19. f5 Bd7 20. Rd5 Qa7 21. Qxa7 Rxa7 22. Re1 Bc6 23. Rdd1 b5 24. Bd3 b4 25. Nb5 Bxb5 26. Bxb5 Rb8 27. Bc4 bxc3 28. bxc3 Rc7 29. Bd5 Rxc3 30. Rf1 gxf5 31. exf5 Rb4 32. Rfe1 Be5 33. Re2 Kg7 34. Kf1 Kf6 35. Be4 h5 36. Bb1 Bg3 37. Re4 Rxe4 38. Bxe4 Re3 39. Bc2 a3 40. Kg1 Re2 41. Bb3 h4 42. Bc4 Rc2 43. Bb3 Rb2 44. Kf1 Rf2+ 45. Kg1 Rxf5 0-1

[Event "Milan Crespi op-B 32nd"]
[Site "Milan"]
[Date "2011.12.09"]
[Round "4"]
[White "Moroni, Luca"]
[Black "Bossoni, Mario"]
[Result "1-0"]
[WhiteElo "1847"]
[BlackElo "1952"]
[PlyCount "63"]
[EventDate "2011.12.07"]
[EventType "swiss"]
[EventRounds "7"]
[EventCountry "ITA"]
[SourceTitle "EXT 2022"]
[Source "ChessBase"]
[SourceDate "2021.10.06"]
[SourceVersion "1"]
[SourceVersionDate "2021.10.06"]
[SourceQuality "1"]

1. Nf3 d5 2. d4 Nf6 3. c3 Bf5 4. Bf4 e6 5. h3 Bd6 6. Bxd6 Qxd6 7. e3 Nbd7 8. Bd3 Bg6 9. Bc2 0-0 10. Nbd2 c5 11. 0-0 Rac8 12. Rc1 Qa6 13. Bxg6 hxg6 14. a3 c4 15. Re1 b5 16. e4 dxe4 17. Nxe4 Nxe4 18. Rxe4 Nf6 19. Rh4 Rfd8 20. Qd2 Qc6 21. Qg5 Qd5 22. Ne5 a5 23. Re1 b4 24. axb4 axb4 25. Re3 Ra8 26. Rf3 Nh7 27. Rxh7 Kxh7 28. Rxf7 Qe4 29. Rf4 Qb1+ 30. Kh2 Rf8 31. Rh4+ Kg8 32. Nxg6 1-0

[Event "Cento op 1st"]
[Site "Cento"]
[Date "2011.02.09"]
[Round "5"]
[White "Bossoni, Mario"]
[Black "Molina, Fabrizio"]
[Result "1/2-1/2"]
[WhiteElo "1952"]
[BlackElo "2236"]
[PlyCount "87"]
[EventDate "2011.02.05"]
[EventType "swiss"]
[EventRounds "9"]
[EventCountry "ITA"]
[SourceTitle "CBM 140 Extra"]
[Source "ChessBase"]
[SourceDate "2011.03.01"]
[SourceVersion "1"]
[SourceVersionDate "2011.03.01"]
[SourceQuality "1"]

1. e4 d6 2. d4 Nf6 3. Nc3 Nbd7 4. Nf3 e5 5. g4 Nxg4 6. Rg1 Ngf6 7. Bc4 h6 8. Be3 c6 9. Bb3 b5 10. a3 Qa5 11. Bd2 Qc7 12. Qe2 Bb7 13. 0-0-0 a6 14. dxe5 dxe5 15. Nh4 Nc5 16. Ba2 0-0-0 17. f3 Kb8 18. Qf2 Ne6 19. Bxe6 fxe6 20. Be3 Rxd1+ 21. Rxd1 Nd7 22. Ng6 Rg8 23. Nxe5 Qxe5 24. Rxd7 c5 25. Qd2 g5 26. f4 Qf6 27. Rd8+ Ka7 28. e5 Qf5 29. Nxb5+ Kb6 30. Nd6 Qh3 31. Rb8 Qf1+ 32. Qd1 Qxd1+ 33. Kxd1 gxf4 34. Rxb7+ Kc6 35. Bxf4 Bxd6 36. Rh7 Bf8 37. Bg3 Bg7 38. Ke2 Kd5 39. Kd3 c4+ 40. Ke3 Bf8 41. Rd7+ Kc6 42. Rh7 Kd5 43. Rd7+ Kc6 44. Rh7 1/2-1/2

[Event "Cento op 1st"]
[Site "Cento"]
[Date "2011.02.07"]
[Round "3"]
[White "Umudova, Nargiz"]
[Black "Bossoni, Mario"]
[Result "1-0"]
[WhiteElo "2246"]
[BlackElo "1952"]
[PlyCount "71"]
[EventDate "2011.02.05"]
[EventType "swiss"]
[EventRounds "9"]
[EventCountry "ITA"]
[SourceTitle "CBM 140 Extra"]
[Source "ChessBase"]
[SourceDate "2011.03.01"]
[SourceVersion "1"]
[SourceVersionDate "2011.03.01"]
[SourceQuality "1"]

1. e4 c5 2. Nf3 e6 3. d4 cxd4 4. Nxd4 Nf6 5. Bd3 Nc6 6. Nxc6 dxc6 7. 0-0 e5 8. Nd2 Bd6 9. Nc4 Bc7 10. Qe2 0-0 11. a4 Be6 12. Rd1 Qe7 13. b3 Rfd8 14. Bb2 Bxc4 15. Bxc4 Rxd1+ 16. Rxd1 Rd8 17. Bd3 Bb6 18. h3 Bd4 19. Bc1 h6 20. Bd2 a6 21. a5 Rd7 22. g3 Ba7 23. Kg2 Bb8 24. f4 exf4 25. gxf4 Nh7 26. Re1 Nf8 27. e5 Qc5 28. Bc4 Kh8 29. Bc3 Ng6 30. Qg4 Ba7 31. Rf1 Rd4 32. Bxd4 Qxd4 33. Bxf7 Qe4+ 34. Kh2 Ne7 35. Qd1 Nd5 36. c4 1-0

[Event "Cento op 1st"]
[Site "Cento"]
[Date "2011.02.05"]
[Round "1"]
[White "Collutiis, Duilio"]
[Black "Bossoni, Mario"]
[Result "1-0"]
[WhiteElo "2463"]
[BlackElo "1952"]
[PlyCount "45"]
[EventDate "2011.02.05"]
[EventType "swiss"]
[EventRounds "9"]
[EventCountry "ITA"]
[SourceTitle "CBM 140 Extra"]
[Source "ChessBase"]
[SourceDate "2011.03.01"]
[SourceVersion "1"]
[SourceVersionDate "2011.03.01"]
[SourceQuality "1"]

1. Nf3 c5 2. e4 e6 3. d4 cxd4 4. Nxd4 Nf6 5. Nc3 d6 6. g3 a6 7. Bg2 Qc7 8. 0-0 Nc6 9. Nxc6 bxc6 10. Na4 Bb7 11. c4 c5 12. Nc3 Be7 13. f4 h5 14. h3 0-0-0 15. Qe2 Qb8 16. Rb1 Nd7 17. Bd2 Qa7 18. Kh1 Rdg8 19. b4 f5 20. exf5 Bxg2+ 21. Kxg2 cxb4 22. Rxb4 Nc5 23. fxe6 1-0

[Event "Isola d'Elba op 27th"]
[Site "Capoliveri"]
[Date "2009.05.??"]
[Round "7"]
[White "Bossoni, Mario"]
[Black "Acunzo, Domenico"]
[Result "1-0"]
[WhiteElo "1973"]
[BlackElo "1830"]
[PlyCount "67"]
[EventDate "2009.05.10"]
[EventType "swiss"]
[EventRounds "9"]
[EventCountry "ITA"]
[SourceTitle "EXT 2011"]
[Source "ChessBase"]
[SourceDate "2010.11.26"]
[SourceVersion "1"]
[SourceVersionDate "2010.11.26"]
[SourceQuality "1"]

1. e4 e6 2. d4 d5 3. Nc3 Bb4 4. Nge2 dxe4 5. a3 Be7 6. Nxe4 Nf6 7. N2g3 Nbd7 8. Bd3 Nxe4 9. Nxe4 Nf6 10. 0-0 0-0 11. c3 b6 12. Qf3 Rb8 13. Nxf6+ Bxf6 14. Bf4 Bb7 15. Qh3 g6 16. Rfe1 Qe7 17. Rad1 Rfd8 18. Bc2 Rd5 19. Qe3 Bg5 20. Be4 Bxf4 21. Qxf4 Rb5 22. Bxb7 Rxb7 23. d5 Rb8 24. dxe6 fxe6 25. Re2 Rf5 26. Qc4 Rf6 27. Red2 Rc8 28. Rd7 Qc5 29. Qh4 Rf7 30. Rxf7 Kxf7 31. Rd7+ Ke8 32. Qxh7 Qf8 33. Rg7 Rd8 34. Qxg6+ 1-0

[Event "Isola d'Elba op 27th"]
[Site "Capoliveri"]
[Date "2009.05.??"]
[Round "9"]
[White "Bossoni, Mario"]
[Black "Petrolo, Mauro"]
[Result "0-1"]
[WhiteElo "1973"]
[BlackElo "1946"]
[PlyCount "42"]
[EventDate "2009.05.10"]
[EventType "swiss"]
[EventRounds "9"]
[EventCountry "ITA"]
[SourceTitle "EXT 2011"]
[Source "ChessBase"]
[SourceDate "2010.11.26"]
[SourceVersion "1"]
[SourceVersionDate "2010.11.26"]
[SourceQuality "1"]

1. e4 d6 2. d4 Nf6 3. Nc3 e5 4. Nf3 Nbd7 5. Be2 Be7 6. Bg5 h6 7. Bxf6 Bxf6 8. Nd5 0-0 9. dxe5 dxe5 10. c3 c6 11. Nxf6+ Qxf6 12. 0-0 Nc5 13. Qc2 Bg4 14. h3 Bh5 15. b4 Ne6 16. Nh2 Bg6 17. Bc4 Ng5 18. f3 Qf4 19. Qf2 Rad8 20. Rad1 Bh5 21. h4 Nxe4 0-1

[Event "Arco op 29th"]
[Site "Arco"]
[Date "2007.10.24"]
[Round "5"]
[White "Bossoni, Mario"]
[Black "La Manna, Andrea"]
[Result "0-1"]
[WhiteElo "1993"]
[BlackElo "2145"]
[PlyCount "104"]
[EventDate "2007.10.20"]
[EventType "swiss"]
[EventRounds "9"]
[EventCountry "ITA"]
[SourceTitle "CBM 120 Extra"]
[Source "ChessBase"]
[SourceDate "2007.11.01"]
[SourceVersion "1"]
[SourceVersionDate "2007.11.01"]
[SourceQuality "1"]

1. e4 d6 2. d4 Nf6 3. Nc3 c6 4. f4 Qa5 5. Bd3 e5 6. Nf3 Bg4 7. dxe5 dxe5 8. 0-0 Nbd7 9. h3 Bxf3 10. Qxf3 Be7 11. Kh1 exf4 12. Bxf4 Ne5 13. Qe2 Nfd7 14. Rad1 Bf6 15. Bh2 Qb4 16. Rb1 b5 17. a3 Qe7 18. Bxb5 cxb5 19. Nd5 Qc5 20. Rbd1 0-0 21. Rxf6 Nxf6 22. Bxe5 Nxd5 23. Rxd5 Qc4 24. Qg4 f6 25. Bc3 Rad8 26. Qe6+ Kh8 27. Qe7 Rde8 28. Qxa7 Rxe4 29. Rd7 Qf1+ 30. Kh2 Qf4+ 31. Kh1 Rfe8 32. Rd1 Re2 33. Qb7 Qg3 34. Qc6 h6 35. Rg1 R8e3 36. Qc8+ Kh7 37. Qf5+ Kg8 38. Qc8+ Re8 39. Qf5 Qf2 40. Qxb5 R8e3 41. Qc4+ Kh7 42. Qg4 Rg3 43. Bd4 Rxg4 44. Bxf2 Rc4 45. Be1 Rcxc2 46. Bc3 g5 47. a4 f5 48. Rf1 g4 49. Rd1 Rxg2 50. a5 Rh2+ 51. Kg1 Rcg2+ 52. Kf1 g3 0-1

[Event "EU Union-ch 3rd"]
[Site "Arvier"]
[Date "2007.06.21"]
[Round "7"]
[White "Raineri, Valerio"]
[Black "Bossoni, Mario"]
[Result "1/2-1/2"]
[WhiteElo "2123"]
[BlackElo "1964"]
[PlyCount "101"]
[EventDate "2007.06.15"]
[EventType "swiss"]
[EventRounds "10"]
[EventCountry "ITA"]
[SourceTitle "CBM 118 Extra"]
[Source "ChessBase"]
[SourceDate "2007.07.04"]
[SourceVersion "1"]
[SourceVersionDate "2007.07.04"]
[SourceQuality "1"]

1. e4 c5 2. Nf3 e6 3. d4 cxd4 4. Nxd4 Nf6 5. Nc3 d6 6. Be3 Nc6 7. f3 Be7 8. Qd2 a6 9. g4 0-0 10. 0-0-0 Nd7 11. Kb1 Nxd4 12. Bxd4 b5 13. h4 Qc7 14. g5 b4 15. Ne2 Nc5 16. h5 e5 17. Be3 Be6 18. Bh3 Bxh3 19. Rxh3 Rfc8 20. g6 Na4 21. Rc1 Rab8 22. Qd5 Bf8 23. f4 Rb5 24. Qxf7+ Qxf7 25. gxf7+ Kxf7 26. Rf1 Kg8 27. Rg1 Nc5 28. Ng3 Kh8 29. Rh4 Rb7 30. fxe5 dxe5 31. Nf5 Ne6 32. Rhg4 Rbc7 33. R1g2 Rd7 34. Rg1 Rdc7 35. Rc1 Rd7 36. Nh4 Bc5 37. Bxc5 Rxc5 38. Nf3 Rdc7 39. Rgg1 Nf4 40. Rcd1 Rc8 41. Rg5 h6 42. Rf5 Rxc2 43. Nxe5 Ne2 44. Nd3 R2c4 45. Ra5 Rxe4 46. Ne5 Rd4 47. Rf1 Kh7 48. Rxa6 Rd5 49. Rc6 Rxc6 50. Nxc6 Rxh5 51. Nxb4 1/2-1/2

[Event "EU Union-ch 3rd"]
[Site "Arvier"]
[Date "2007.06.19"]
[Round "5"]
[White "Diotallevi, Maurizio"]
[Black "Bossoni, Mario"]
[Result "1/2-1/2"]
[WhiteElo "2137"]
[BlackElo "1964"]
[PlyCount "142"]
[EventDate "2007.06.15"]
[EventType "swiss"]
[EventRounds "10"]
[EventCountry "ITA"]
[SourceTitle "CBM 118 Extra"]
[Source "ChessBase"]
[SourceDate "2007.07.04"]
[SourceVersion "1"]
[SourceVersionDate "2007.07.04"]
[SourceQuality "1"]

1. d4 d5 2. c4 e6 3. Nc3 Nf6 4. cxd5 exd5 5. Bg5 Be7 6. e3 0-0 7. Bd3 b6 8. Nf3 Bb7 9. 0-0 c5 10. Rc1 Nbd7 11. h3 Ne4 12. Bxe7 Qxe7 13. dxc5 Ndxc5 14. Ne2 Rad8 15. Ned4 Qf6 16. Qe2 Nxd3 17. Qxd3 Rc8 18. Rfd1 Rfd8 19. Qa3 a6 20. Qd3 Rc5 21. b4 Rxc1 22. Rxc1 Rd7 23. Rc2 h5 24. Nb3 Qd6 25. Qd4 Rc7 26. Rxc7 Qxc7 27. Qb2 Qc4 28. Nbd4 Nf6 29. Ne5 Qc8 30. Qc2 Qxc2 31. Nxc2 Kf8 32. Kf1 Ke7 33. Nd4 g6 34. f3 Ne8 35. Ke2 Nd6 36. Kd3 g5 37. Ke2 f6 38. Nd3 Kd7 39. Nb2 Ke7 40. Nd1 f5 41. g3 Kf6 42. Nc3 g4 43. fxg4 fxg4 44. h4 Ke5 45. Kd3 Ne4 46. Nxe4 dxe4+ 47. Kc3 Bd5 48. a4 a5 49. b5 Kd6 50. Nf5+ Kc5 51. Ne7 Be6 52. Nc6 Bc8 53. Nb8 Be6 54. Nc6 Bd5 55. Ne5 Be6 56. Ng6 Bf7 57. Nf4 Be8 58. Ne6+ Kd6 59. Nd4 Bd7 60. Nb3 Be6 61. Nd2 Kd5 62. Nb3 Kd6 63. Nd2 Kd5 64. Nb3 Ke5 65. Nd4 Bd7 66. Ne2 Be8 67. Nf4 Bf7 68. Ne2 Be8 69. Nd4 Kd5 70. Nb3 Ke5 71. Nd2 Kd5 1/2-1/2

[Event "Arco op 27th"]
[Site "Arco"]
[Date "2005.10.27"]
[Round "6"]
[White "Kvisla, Johannes Luangtep"]
[Black "Bossoni, Mario"]
[Result "1/2-1/2"]
[WhiteElo "2123"]
[BlackElo "1978"]
[PlyCount "59"]
[EventDate "2005.10.22"]
[EventType "swiss"]
[EventRounds "9"]
[EventCountry "ITA"]
[SourceTitle "EXT 2006"]
[Source "ChessBase"]
[SourceDate "2005.11.24"]
[SourceVersion "1"]
[SourceVersionDate "2005.11.24"]
[SourceQuality "1"]

1. e4 c5 2. Nc3 Nc6 3. f4 g6 4. Nf3 Bg7 5. a3 e6 6. b4 cxb4 7. axb4 Nd4 8. e5 Nxf3+ 9. Qxf3 Ne7 10. b5 0-0 11. Ba3 Nf5 12. Bxf8 Bxf8 13. Bd3 Nd4 14. Qh3 d5 15. Na4 Bd7 16. 0-0 Nxb5 17. Kh1 Rc8 18. Rfb1 a6 19. c3 Bc6 20. Nb2 Na3 21. Rf1 Nc4 22. Nxc4 dxc4 23. Bxc4 Qxd2 24. Bb3 Be4 25. c4 Qb2 26. Ra2 Bxg2+ 27. Qxg2 Qxb3 28. Rb2 Qxc4 29. Rxb7 Rd8 30. Rb2 1/2-1/2